Rasa

Bibliographic Details
Main Author: Shur, Mandy
Format: Book
Published: Petaling Jaya , Pan Earth , 1995
Series:Siri pengetahuan deria
Subjects:

MARC

LEADER 00000cam a2200000 7i4500
001 0000006256
002 000006754
005 20000330.0
020 |a 9837503610 
090 0 0 |a J 611.8   |b SHU 
100 1 |a Shur, Mandy 
245 1 0 |a Rasa   |c Mandy Shur ; penterjemah Nurazizan Aziz 
260 |a Petaling Jaya ,   |c Pan Earth ,   |c 1995 
300 |a 32 p. :   |b ill. ;   |c 21 cm. 
490 0 |a Siri pengetahuan deria 
650 0 0 |a Sense   |x Juvenile literature 
999 |a 039092   |b BUKU   |c PINJAMAN   |e PERPUSTAKAAN KOMUNITI PETALING JAYA 
999 |a 039093   |b BUKU   |c PINJAMAN   |e PERPUSTAKAAN KOMUNITI PETALING JAYA